[Event "Verona op-B"]
[Site "Verona"]
[Date "2017.01.06"]
[Round "7.18"]
[White "Antolini, Aldo"]
[Black "Kurylovich, Alena"]
[Result "1/2-1/2"]
[WhiteElo "1660"]
[BlackElo "1644"]
[PlyCount "84"]
[EventDate "2017.01.02"]
[EventType "swiss"]
[EventRounds "7"]
[EventCountry "ITA"]
[SourceTitle "EXT 2018"]
[Source "ChessBase"]
[SourceDate "2017.10.13"]
[SourceVersion "1"]
[SourceVersionDate "2017.10.13"]
[SourceQuality "1"]

1. e4 c5 2. Nf3 e6 3. d4 cxd4 4. Nxd4 a6 5. Nc3 d6 6. Bd3 Nf6 7. 0-0 Be7 8. Be3 Nc6 9. h3 0-0 10. f4 e5 11. fxe5 dxe5 12. Nxc6 bxc6 13. Qf3 Be6 14. Qg3 Qb8 15. Rab1 Nh5 16. Qf2 Qd8 17. g4 Bh4 18. Qg2 Qd7 19. gxh5 Bxh3 20. Qh2 Qg4+ 21. Kh1 Bg3 22. Qe2 Qh4 23. Kg1 Bg4 24. Qg2 Bh3 25. Qh1 Qxh5 26. Be2 Qh4 27. Bf3 f5 28. Bg2 Bxg2 29. Qxh4 Bxh4 30. Kxg2 f4 31. Bf2 Be7 32. Kf3 Rad8 33. Rbd1 h5 34. Rxd8 Rxd8 35. Rd1 g5 36. Rxd8+ Bxd8 37. Na4 g4+ 38. Kg2 h4 39. Nc5 h3+ 40. Kh2 Bb6 41. Bg1 Kg7 42. Ne6+ Kf6 1/2-1/2

[Event "Verona Province-ch"]
[Site "Zevio Verona"]
[Date "2014.01.26"]
[Round "6"]
[White "Kurylovich, Alena"]
[Black "Negro, Roberto"]
[Result "0-1"]
[WhiteElo "1615"]
[BlackElo "2169"]
[PlyCount "72"]
[EventDate "2014.01.18"]
[EventType "swiss"]
[EventRounds "6"]
[EventCountry "ITA"]
[SourceTitle "EXT 2015"]
[Source "ChessBase"]
[SourceDate "2014.11.20"]
[SourceVersion "1"]
[SourceVersionDate "2014.11.20"]
[SourceQuality "1"]

1. d4 g6 2. Nf3 Bg7 3. e4 d6 4. Be2 Nf6 5. Nbd2 0-0 6. 0-0 Nc6 7. c4 e5 8. d5 Ne7 9. h3 h6 10. Qc2 Nh5 11. Nh2 Nf4 12. Ndf3 Nxe2+ 13. Qxe2 f5 14. Re1 f4 15. Bd2 g5 16. Rac1 b6 17. b4 Ba6 18. b5 Bc8 19. a4 Kh8 20. Kh1 Ng8 21. Rg1 Nf6 22. Rc3 Qe8 23. Ra3 Qg6 24. Re1 Bd7 25. Bb4 Rg8 26. Nd2 g4 27. a5 Rac8 28. axb6 axb6 29. hxg4 Nxg4 30. f3 Nxh2 31. Kxh2 Qh5+ 32. Kg1 Bf6 33. Qf1 Bh4 34. Re2 Bg3 35. Qa1 Qh2+ 36. Kf1 Qh1# 0-1

[Event "Verona Province-ch"]
[Site "Zevio Verona"]
[Date "2014.01.18"]
[Round "1"]
[White "Kurylovich, Alena"]
[Black "Dalla Vecchia, Paolo"]
[Result "0-1"]
[WhiteElo "1615"]
[BlackElo "1884"]
[PlyCount "86"]
[EventDate "2014.01.18"]
[EventType "swiss"]
[EventRounds "6"]
[EventCountry "ITA"]
[SourceTitle "EXT 2015"]
[Source "ChessBase"]
[SourceDate "2014.11.20"]
[SourceVersion "1"]
[SourceVersionDate "2014.11.20"]
[SourceQuality "1"]

1. d4 Nf6 2. c4 c5 3. Nf3 e6 4. Bg5 cxd4 5. Nxd4 Qa5+ 6. Nc3 Qxg5 7. e3 Bb4 8. Qc2 Nc6 9. Nf3 Qa5 10. Bd3 0-0 11. 0-0 Bxc3 12. bxc3 Ne5 13. Be2 Nxf3+ 14. Bxf3 Qc5 15. Qd3 Rb8 16. Rab1 b6 17. Rb5 Qc7 18. Rfb1 Ba6 19. R5b4 d5 20. Qc2 Bxc4 21. a4 Rfd8 22. h3 Ne4 23. Rd1 Nc5 24. Be2 Bxe2 25. Qxe2 Ne4 26. Rc1 a5 27. Rb3 Qc4 28. Qc2 Qxa4 29. Qb2 Qc6 30. Ra1 Nd6 31. Qc2 f6 32. Rab1 b5 33. Qd3 Rdc8 34. f3 a4 35. Ra3 Nc4 36. Ra2 Ne5 37. Qe2 Qxc3 38. Rxb5 Rxb5 39. Qxb5 Qxe3+ 40. Kh2 Qf4+ 41. Kg1 Rc1+ 42. Kf2 Qh4+ 43. Ke3 d4+ 0-1

[Event "Verona Province-ch"]
[Site "Zevio Verona"]
[Date "2013.01.20"]
[Round "5"]
[White "Kurylovich, Alena"]
[Black "Pisani, Valerio"]
[Result "0-1"]
[WhiteElo "1653"]
[BlackElo "1731"]
[PlyCount "89"]
[EventDate "2013.01.12"]
[EventType "swiss"]
[EventRounds "6"]
[EventCountry "ITA"]
[SourceTitle "EXT 2024"]
[Source "ChessBase"]
[SourceDate "2023.10.10"]
[SourceVersion "1"]
[SourceVersionDate "2023.10.10"]
[SourceQuality "1"]

1. d4 Nf6 2. c4 g6 3. Nc3 Bg7 4. e4 d6 5. h3 0-0 6. Be3 Nbd7 7. Nf3 c5 8. Be2 cxd4 9. Nxd4 Nc5 10. Bf3 h6 11. 0-0 a6 12. Qd2 Kh7 13. b4 Ncd7 14. Rac1 Ne5 15. Nd5 Nxf3+ 16. Nxf3 Nxe4 17. Qe2 f5 18. Rfd1 e6 19. Nb6 Rb8 20. c5 d5 21. Bf4 Bd7 22. Bxb8 Bb5 23. Qc2 Qxb8 24. a4 Bc6 25. Nd4 Bxd4 26. Rxd4 e5 27. Rd3 d4 28. Qc4 Nc3 29. Re1 Qe8 30. f4 Be4 31. Rxc3 dxc3 32. Qxc3 exf4 33. Qd4 Qd8 34. Nd7 Rf7 35. Rd1 Qg5 36. Qf2 f3 37. g3 f4 38. g4 h5 39. Qd4 hxg4 40. Qe5 Qh4 41. Nf6+ Rxf6 42. Rd7+ Kh6 43. hxg4 Qxg4+ 44. Kf2 Qg2+ 45. Ke1 0-1

[Event "Basso Veronese op 5th"]
[Site "Casaleone"]
[Date "2012.05.??"]
[Round "2"]
[White "Rizzati, Aldo"]
[Black "Kurylovich, Alena"]
[Result "1-0"]
[WhiteElo "1931"]
[BlackElo "1491"]
[PlyCount "58"]
[EventDate "2012.05.19"]
[EventType "swiss"]
[EventRounds "6"]
[EventCountry "ITA"]
[SourceTitle "EXT 2014"]
[Source "ChessBase"]
[SourceDate "2013.11.20"]
[SourceVersion "1"]
[SourceVersionDate "2013.11.20"]
[SourceQuality "1"]

1. e4 c6 2. d4 d5 3. Nc3 e6 4. a3 Ne7 5. Nf3 Ng6 6. Bd3 c5 7. dxc5 Bxc5 8. exd5 exd5 9. Bxg6 hxg6 10. Qxd5 Qe7+ 11. Qe4 Bf5 12. Qxe7+ Bxe7 13. Nd5 Bd6 14. 0-0 0-0 15. Nd4 Nc6 16. Nxf5 gxf5 17. Be3 Rad8 18. Rfd1 g6 19. Bg5 Kg7 20. Bf6+ Kh6 21. Rd3 g5 22. Bxd8 Rxd8 23. Ne3 Kg6 24. Rad1 Be7 25. Rxd8 Nxd8 26. Rd7 Nc6 27. Rxb7 Bc5 28. Rc7 Bxe3 29. Rxc6+ f6 1-0